Distribución vertical del mesozooplancton en relación a la influencia de la marea en la zona interna del estuario de Bahía Blanca /
Guardado en:
| Autor Principal: | |
|---|---|
| Autor Corporativo: | |
| Otros Autores: | |
| Formato: | Manuscrito |
| Idioma: | Spanish |
| Publicado: |
2010.
|
| Materias: | |
| Etiquetas: |
Agregar Etiqueta
Sin Etiquetas, Sea el primero en etiquetar este registro!
|
| LEADER | 01140ntm a22002535a 4500 | ||
|---|---|---|---|
| 001 | EUN.eunm003506 | ||
| 008 | 110418s2010####ag#a#####b####000#0#spa#d | ||
| 005 | 20260226105039.0 | ||
| 245 | 1 | 0 | |a Distribución vertical del mesozooplancton en relación a la influencia de la marea en la zona interna del estuario de Bahía Blanca / |c alumno: Chazarreta, C. Javier ; director: Mónica Hoffmeyer. |
| 260 | |c 2010. | ||
| 300 | |a 36, vii h. : |b il. col. ; |c 30 cm. | ||
| 502 | |a Tesina (licenciatura)--Universidad Nacional del Sur. Departamento de Biología, Bioquímica y Farmacia, 2010. | ||
| 504 | |a Incluye referencias bibliográficas. | ||
| 100 | 1 | |a Chazarreta, Carlo Javier. | |
| 700 | 1 | |a Hoffmeyer, Mónica S. |q (Mónica Susana), |e dir. de tesina. | |
| 710 | 2 | |a Universidad Nacional del Sur. |b Departamento de Biología, Bioquímica y Farmacia. | |
| 082 | 0 | 4 | |a 595.3 |2 19 |
| 650 | 7 | |a Zoología. |2 unbist | |
| 650 | 7 | |a Zooplancton. |2 Mopu | |
| 650 | 7 | |a Crustacea. |2 Icyt | |
| 650 | 7 | |a Distribución de poblaciones. |2 Icyt | |
| 651 | 0 | |a Bahía Blanca (Argentina) | |
| 653 | |a Tesinas | ||
| 859 | |a AR-BaUNS |b BIB. CENTRAL - Sector A |h 595.3 |i C399 |p 129126/025 |t Ej.2 | ||
